[Event "FICGS class M 000020 email"]
[Site "FICGS email"]
[Date "2023.04.08"]
[Round "1"]
[White "Kruse, Herbert"]
[Black "Lounek, Jan"]
[Result "1/2-1/2"]
[WhiteElo "2499"]
[BlackElo "2487"]
[PlyCount "62"]
[EventDate "2023.??.??"]
[EventType "tourn (corr)"]
[EventRounds "1"]
[SourceTitle "Corr 2024"]
[Source "ChessBase"]
[SourceDate "2023.10.19"]
[SourceVersion "1"]
[SourceVersionDate "2023.10.19"]
[SourceQuality "1"]

1. Nf3 d5 2. g3 Nf6 3. Bg2 c5 4. 0-0 e6 5. d4 cxd4 6. Nxd4 e5 7. Nf3 Nc6 8. c4 d4 9. e3 Be7 10. exd4 exd4 11. Bf4 0-0 12. Ne5 Qb6 13. Nxc6 bxc6 14. Qb3 Be6 15. Rd1 Rad8 16. Qxb6 axb6 17. a4 Bd6 18. Bg5 Be7 19. Bf4 Bd6 20. Bg5 Bb4 21. Bd2 Be7 22. Na3 Rc8 23. Nc2 c5 24. Na3 Rfe8 25. Bb7 Rcd8 26. Bc6 Bd7 27. Bxd7 Rxd7 28. Re1 h6 29. Nb5 g5 30. Kf1 Kh7 31. h3 Kg7 1/2-1/2

[Event "FICGS class M 000020 email"]
[Site "FICGS email"]
[Date "2023.04.08"]
[Round "1"]
[White "Lounek, Jan"]
[Black "Bernal Varela, Nelson"]
[Result "1/2-1/2"]
[WhiteElo "2487"]
[BlackElo "2490"]
[PlyCount "73"]
[EventDate "2023.??.??"]
[EventType "tourn (corr)"]
[EventRounds "1"]
[SourceTitle "Corr 2024"]
[Source "ChessBase"]
[SourceDate "2023.10.19"]
[SourceVersion "1"]
[SourceVersionDate "2023.10.19"]
[SourceQuality "1"]

1. Nf3 e6 2. c4 f5 3. g3 Nf6 4. Bg2 Be7 5. 0-0 0-0 6. Nc3 d6 7. d4 Ne4 8. Nxe4 fxe4 9. Nd2 d5 10. f3 Nc6 11. fxe4 Rxf1+ 12. Kxf1 dxc4 13. Nf3 b5 14. Be3 Qf8 15. Kg1 Bb7 16. b3 c3 17. Qd3 Nb4 18. Qxc3 Bxe4 19. Bd2 Qd8 20. Qe3 Qd5 21. Rc1 Rc8 22. a3 Na6 23. Bh3 c5 24. Ng5 Bxg5 25. Qxg5 Bf5 26. g4 h6 27. Qf4 Be4 28. dxc5 Rxc5 29. b4 e5 30. Qe3 Rxc1+ 31. Bxc1 Nc7 32. g5 hxg5 33. Bb2 Ne8 34. Qc3 Nf6 35. Qxe5 g4 36. Bf1 Qb3 37. Qc3 1/2-1/2

[Event "FICGS class M 000019 email"]
[Site "FICGS email"]
[Date "2022.08.04"]
[Round "1"]
[White "Lounek, Jan"]
[Black "Bernal Varela, Nelson"]
[Result "1/2-1/2"]
[WhiteElo "2486"]
[BlackElo "2478"]
[PlyCount "43"]
[EventDate "2022.??.??"]
[EventType "tourn (corr)"]
[EventRounds "1"]
[SourceTitle "Corr 2024"]
[Source "ChessBase"]
[SourceDate "2023.10.19"]
[SourceVersion "1"]
[SourceVersionDate "2023.10.19"]
[SourceQuality "1"]

1. e4 c5 2. Nf3 e6 3. d4 cxd4 4. Nxd4 Nc6 5. Nc3 a6 6. Nxc6 bxc6 7. Bd3 d5 8. 0-0 Nf6 9. Re1 Be7 10. e5 Nd7 11. Qg4 Kf8 12. b3 Bb7 13. h3 h5 14. Qf3 Kg8 15. Bf4 g5 16. Bd2 Qf8 17. Re2 Qg7 18. Rae1 Rd8 19. Qg3 c5 20. Na4 Bc6 21. Nc3 Bb7 22. Na4 1/2-1/2

[Event "FICGS class M 000018 email"]
[Site "FICGS email"]
[Date "2022.06.02"]
[Round "1"]
[White "Bernal Varela, Nelson"]
[Black "Lounek, Jan"]
[Result "1/2-1/2"]
[WhiteElo "2473"]
[BlackElo "2494"]
[PlyCount "60"]
[EventDate "2022.??.??"]
[EventType "tourn (corr)"]
[EventRounds "1"]
[SourceTitle "Corr 2024"]
[Source "ChessBase"]
[SourceDate "2023.10.19"]
[SourceVersion "1"]
[SourceVersionDate "2023.10.19"]
[SourceQuality "1"]

1. e4 c5 2. Nc3 Nc6 3. Nf3 g6 4. d4 cxd4 5. Nxd4 Bg7 6. Be3 Nf6 7. Bc4 0-0 8. Bb3 d6 9. f3 Bd7 10. h4 h5 11. Qd2 Rc8 12. 0-0-0 Ne5 13. Bg5 Re8 14. Rhf1 Nc4 15. Qd3 Ne5 16. Qd2 Nc4 17. Qe2 Na5 18. Qd3 Nxb3+ 19. axb3 Rc5 20. Kb1 Qa5 21. Bd2 Qb6 22. Nde2 Rc6 23. Nf4 Rec8 24. Rc1 Rxc3 25. Bxc3 Bb5 26. Qd2 Bxf1 27. Rxf1 Bh6 28. Bxf6 exf6 29. g3 Bxf4 30. gxf4 f5 1/2-1/2

[Event "FICGS class M 000018 email"]
[Site "FICGS email"]
[Date "2022.06.02"]
[Round "1"]
[White "Lounek, Jan"]
[Black "Kruse, Herbert"]
[Result "1/2-1/2"]
[WhiteElo "2494"]
[BlackElo "2503"]
[PlyCount "51"]
[EventDate "2022.??.??"]
[EventType "tourn (corr)"]
[EventRounds "1"]
[SourceTitle "Corr 2024"]
[Source "ChessBase"]
[SourceDate "2023.10.19"]
[SourceVersion "1"]
[SourceVersionDate "2023.10.19"]
[SourceQuality "1"]

1. e4 e5 2. Nf3 Nc6 3. Bb5 Nf6 4. d3 Bc5 5. c3 0-0 6. 0-0 d6 7. h3 Bb6 8. Re1 Ne7 9. d4 d5 10. Nxe5 Nxe4 11. Nd2 Nd6 12. Bf1 c6 13. Ndf3 f6 14. Nd3 g5 15. Nc5 Ng6 16. a4 Bc7 17. Bd3 Rf7 18. Qc2 Kh8 19. a5 Qg8 20. a6 b5 21. Kh1 Rg7 22. Qe2 Nf4 23. Bxf4 gxf4 24. Rg1 f5 25. b3 Ne4 26. c4 1/2-1/2

[Event "FICGS W-ch qf2 email"]
[Site "FICGS email"]
[Date "2022.03.14"]
[Round "1"]
[White "Lounek, Jan"]
[Black "Kruse, Herbert"]
[Result "1/2-1/2"]
[WhiteElo "2502"]
[BlackElo "2490"]
[PlyCount "57"]
[EventDate "2022.??.??"]
[EventType "match (corr)"]
[EventRounds "5"]
[SourceTitle "Corr 2024"]
[Source "ChessBase"]
[SourceDate "2023.10.19"]
[SourceVersion "1"]
[SourceVersionDate "2023.10.19"]
[SourceQuality "1"]

1. e4 c5 2. Nf3 d6 3. d4 cxd4 4. Nxd4 Nf6 5. Nc3 a6 6. Be3 e5 7. Nb3 Be6 8. f3 h5 9. Nd5 Bxd5 10. exd5 Nbd7 11. Qd2 g6 12. Be2 Bg7 13. 0-0 b6 14. Kh1 h4 15. Bg5 Qc7 16. Rae1 Nh5 17. f4 Nxf4 18. Bd1 Kf8 19. Bxf4 exf4 20. Qxf4 Ne5 21. Nd4 Kg8 22. Nc6 Rf8 23. Bf3 f5 24. h3 Bf6 25. Nd4 Qc4 26. b3 Qb4 27. Qe3 Qc5 28. Qf4 Qb4 29. Qe3 1/2-1/2

[Event "FICGS class M 000017 email"]
[Site "FICGS email"]
[Date "2022.01.20"]
[Round "1"]
[White "Kruse, Herbert"]
[Black "Lounek, Jan"]
[Result "1/2-1/2"]
[WhiteElo "2504"]
[BlackElo "2493"]
[PlyCount "76"]
[EventDate "2022.??.??"]
[EventType "tourn (corr)"]
[EventRounds "1"]
[SourceTitle "Corr 2024"]
[Source "ChessBase"]
[SourceDate "2023.10.19"]
[SourceVersion "1"]
[SourceVersionDate "2023.10.19"]
[SourceQuality "1"]

1. d4 d5 2. c4 c6 3. e3 Nf6 4. Nd2 Bf5 5. Ngf3 e6 6. Be2 h6 7. 0-0 Nbd7 8. Qb3 Qb6 9. a4 a5 10. Qxb6 Nxb6 11. Ne1 h5 12. f3 Be7 13. b3 Bb4 14. Ra2 c5 15. cxd5 Nfxd5 16. Bb5+ Ke7 17. e4 Nc3 18. Rc2 Bh7 19. dxc5 Nbd5 20. exd5 Bxc5+ 21. Kh1 Bxc2 22. Nxc2 Nxb5 23. axb5 exd5 24. Bb2 f6 25. Rd1 Rhc8 26. Nf1 a4 27. bxa4 Rxa4 28. Bd4 g6 29. Nfe3 Ke6 30. f4 Bd6 31. g3 Ra2 32. Rd2 Kf7 33. h4 f5 34. Kg1 Bc5 35. Bxc5 Rxc5 36. b6 Ke7 37. Re2 Kd7 38. Kf1 Kd6 1/2-1/2

[Event "FICGS W-ch KO final email"]
[Site "FICGS email"]
[Date "2021.05.30"]
[Round "1"]
[White "Bernal Varela, Nelson"]
[Black "Lounek, Jan"]
[Result "1/2-1/2"]
[WhiteElo "2500"]
[BlackElo "2474"]
[PlyCount "66"]
[EventDate "2021.??.??"]
[EventType "match (corr)"]
[EventRounds "3"]
[SourceTitle "Corr 2024"]
[Source "ChessBase"]
[SourceDate "2023.10.19"]
[SourceVersion "1"]
[SourceVersionDate "2023.10.19"]
[SourceQuality "1"]

1. Nf3 Nf6 2. d4 d5 3. c4 c6 4. Nc3 e6 5. e3 Nbd7 6. Qc2 Bd6 7. Bd3 0-0 8. 0-0 dxc4 9. Bxc4 a6 10. Rd1 b5 11. Bd3 Bb7 12. Ng5 h6 13. Nge4 Bc7 14. a3 Qe7 15. b4 a5 16. Rb1 axb4 17. axb4 Rfd8 18. f4 Nd5 19. Nc5 Bc8 20. Bd2 Ra3 21. Ne2 f5 22. Ra1 Rxa1 23. Rxa1 Nxc5 24. bxc5 Bd7 25. h3 Qf8 26. Qb2 Ra8 27. Bc2 Qd8 28. Bb3 Rxa1+ 29. Qxa1 g5 30. Qf1 Qe7 31. Qf3 Qf7 32. Qf2 Qg7 33. Kf1 Kh7 1/2-1/2

[Event "FICGS W-ch KO final email"]
[Site "FICGS email"]
[Date "2021.05.30"]
[Round "1"]
[White "Lounek, Jan"]
[Black "Marciz, Alexander"]
[Result "1/2-1/2"]
[WhiteElo "2474"]
[BlackElo "2472"]
[PlyCount "65"]
[EventDate "2021.??.??"]
[EventType "match (corr)"]
[EventRounds "3"]
[SourceTitle "Corr 2024"]
[Source "ChessBase"]
[SourceDate "2023.10.19"]
[SourceVersion "1"]
[SourceVersionDate "2023.10.19"]
[SourceQuality "1"]

1. e4 c5 2. Nf3 Nc6 3. Nc3 e5 4. Bc4 d6 5. d3 Be7 6. Nd2 Nf6 7. Nf1 Bg4 8. f3 Be6 9. Ne3 0-0 10. 0-0 Rb8 11. a4 a6 12. Rf2 Qd7 13. Bd2 Bd8 14. Kh1 Re8 15. Qg1 Kh8 16. h4 Nh5 17. Qh2 Ba5 18. Ned5 Bxd5 19. Bxd5 Nf6 20. Ba2 b5 21. Bg5 Bxc3 22. bxc3 Ng8 23. Be3 Rf8 24. axb5 axb5 25. Bb3 Nce7 26. g4 Rbc8 27. c4 b4 28. Ba4 Qa7 29. Rff1 Ra8 30. f4 f6 31. f5 Rfb8 32. Qg1 Qc7 33. Qg2 1/2-1/2

[Event "WC-2021-S-00002"]
[Site "LSS email"]
[Date "2021.04.03"]
[Round "?"]
[White "Tsygankov, Evgeny"]
[Black "Lounek, Jan"]
[Result "1/2-1/2"]
[WhiteElo "2483"]
[BlackElo "2487"]
[PlyCount "72"]
[EventDate "2021.04.03"]
[EventType "tourn (corr)"]
[EventRounds "6"]
[EventCountry "GER"]
[SourceTitle "Corr 2024"]
[Source "ChessBase"]
[SourceDate "2023.10.19"]
[SourceVersion "1"]
[SourceVersionDate "2023.10.19"]
[SourceQuality "1"]

1. d4 d5 2. c4 c6 3. Nf3 Nf6 4. e3 e6 5. b3 Nbd7 6. Bd3 Bd6 7. Bb2 0-0 8. Nbd2 b6 9. 0-0 Bb7 10. Qe2 c5 11. Rad1 Ne4 12. cxd5 exd5 13. Ba6 Bxa6 14. Qxa6 Re8 15. Nxe4 dxe4 16. Nd2 cxd4 17. Bxd4 Qc7 18. h3 Rad8 19. Qb5 Nc5 20. b4 Qd7 21. Qe2 Nb7 22. Nc4 h6 23. Nxd6 Nxd6 24. Rd2 Nf5 25. Rfd1 Qe6 26. Bb2 Rxd2 27. Rxd2 Rc8 28. a4 Kh7 29. Qd1 a6 30. Rd5 Rc2 31. Re5 Nxe3 32. fxe3 Qb3 33. Qd4 Rxb2 34. Qxe4+ g6 35. b5 axb5 36. Rxb5 Qd1+ 1/2-1/2

[Event "FICGS class GM 000005 email"]
[Site "FICGS email"]
[Date "2021.03.16"]
[Round "1"]
[White "Bernal Varela, Nelson"]
[Black "Lounek, Jan"]
[Result "1/2-1/2"]
[WhiteElo "2500"]
[BlackElo "2474"]
[PlyCount "61"]
[EventDate "2021.??.??"]
[EventType "tourn (corr)"]
[EventRounds "6"]
[EventCategory "11"]
[SourceTitle "Corr 2022"]
[Source "ChessBase"]
[SourceDate "2021.10.24"]
[SourceVersion "1"]
[SourceVersionDate "2021.10.24"]
[SourceQuality "1"]

1. e4 e5 2. Nf3 Nc6 3. Bc4 Bc5 4. d3 Nf6 5. c3 d6 6. 0-0 0-0 7. Bg5 h6 8. Bh4 g5 9. Bg3 a6 10. Nbd2 Ba7 11. a4 Nh7 12. h3 h5 13. d4 g4 14. Nh4 exd4 15. Kh2 Qf6 16. Qc2 Qg7 17. f4 Kh8 18. e5 dxc3 19. bxc3 dxe5 20. Rae1 gxh3 21. gxh3 exf4 22. Rxf4 Bd7 23. Qd1 Rae8 24. Ne4 Ne5 25. Ba2 Ng6 26. Nf5 Bxf5 27. Rxf5 h4 28. Bxc7 Re7 29. Bd6 Rd8 30. Kh1 Bb6 31. Qc1 1/2-1/2

[Event "WC-2020-S-00003"]
[Site "LSS email"]
[Date "2020.04.01"]
[Round "?"]
[White "Haug, Ulrich"]
[Black "Lounek, Jan"]
[Result "1/2-1/2"]
[WhiteElo "2460"]
[BlackElo "2527"]
[PlyCount "46"]
[EventDate "2020.04.01"]
[EventType "tourn (corr)"]
[EventRounds "12"]
[EventCountry "GER"]
[SourceTitle "Corr 2022"]
[Source "ChessBase"]
[SourceDate "2021.10.24"]
[SourceVersion "1"]
[SourceVersionDate "2021.10.24"]
[SourceQuality "1"]

1. e4 e5 2. Nf3 Nc6 3. Bb5 Nf6 4. 0-0 Nxe4 5. d4 Nd6 6. Bxc6 dxc6 7. dxe5 Nf5 8. Qxd8+ Kxd8 9. h3 Bd7 10. Rd1 Be7 11. g4 Nh4 12. Nxh4 Bxh4 13. Nd2 Ke8 14. Ne4 b6 15. Bg5 Bxg5 16. Nxg5 Rd8 17. f4 h6 18. Ne4 h5 19. f5 hxg4 20. hxg4 Rh4 21. Nf2 g6 22. fxg6 fxg6 23. Kg2 Be6 1/2-1/2

[Event "ST-2020-0-00138"]
[Site "LSS email"]
[Date "2020.02.19"]
[Round "?"]
[White "Bernal Varela, Nelson"]
[Black "Lounek, Jan"]
[Result "1/2-1/2"]
[WhiteElo "2386"]
[BlackElo "2538"]
[PlyCount "40"]
[EventDate "2020.01.31"]
[EventType "tourn (corr)"]
[EventRounds "6"]
[EventCountry "GER"]
[SourceTitle "Corr 2022"]
[Source "ChessBase"]
[SourceDate "2021.10.24"]
[SourceVersion "1"]
[SourceVersionDate "2021.10.24"]
[SourceQuality "1"]

1. Nf3 Nf6 2. d4 d5 3. c4 c6 4. e3 e6 5. Nbd2 Nbd7 6. b3 Bd6 7. Qc2 0-0 8. Bb2 c5 9. Rd1 Qe7 10. cxd5 exd5 11. Be2 b6 12. 0-0 Bb7 13. Qf5 Rad8 14. Rc1 Rc8 15. Rfd1 Rfd8 16. Qb1 Re8 17. Bb5 Red8 18. Bf1 h6 19. Qf5 a6 20. dxc5 bxc5 1/2-1/2